<The> Stability of Narrow Money Demand in Germany and Aggregate Money Demand in the EMS Impact of German Reunification
Salvato in:
| Autore principale: | |
|---|---|
| Altri autori: | |
| Natura: | Libro |
| Lingua: | inglese |
| Pubblicazione: |
Kiel
Institut für Weltwirtschaft
1994
|
| Serie: | Kiel Working Paper
No.645 |
| Soggetti: | |
| Tags: |
Nessun Tag, puoi essere il primo ad aggiungerne!!
|
MARC
| LEADER | 00000nam a2200000 4500 | ||
|---|---|---|---|
| 001 | c010658 | ||
| 005 | 20250521093101.6 | ||
| 041 | 0 | |a eng | |
| 044 | |a DE | ||
| 245 | 1 | 0 | |a <The> Stability of Narrow Money Demand in Germany and Aggregate Money Demand in the EMS |b Impact of German Reunification |c Martin Falk, Norbert Funke |
| 264 | 1 | |a Kiel |b Institut für Weltwirtschaft |c 1994 | |
| 300 | |a 20 s. | ||
| 490 | 1 | |a Kiel Working Paper |v No.645 | |
| 830 | 0 | |a Kiel Working Paper |v No.645 | |
| 610 | 2 | 0 | |a peniaze |
| 610 | 2 | 0 | |a dopyt |
| 610 | 2 | 0 | |a agregáty menové |
| 610 | 2 | 0 | |a Nemecko |
| 610 | 2 | 0 | |a Európsky menový systém |
| 100 | 1 | |a Falk, Martin | |
| 700 | 1 | |a Funke, Norbert | |